000 00569nam a2200169 a 4500
001 000043143
005 20201002040654.0
008 140220s20uu dr a 000 0 spa d
040 _aDO-SdBNP
_bspa
_cBNPHU
100 1 _aPérez Barrera, Claudio
_970700
245 1 0 _aGuía para el usuario :
_baccess 2000 /
_cClaudio Pérez Barrera.
246 1 4 _aGuía para el usuario :
_baccess 2000
260 _a[Santo Domingo] :
_bCENTU,
_c[199-?].
300 _a100 p. :
_bil. ;
_c28 cm.
590 _aInventariado, 2018/BT
710 2 _aCentro de Tecnología Universal (CENTU)
_970701
999 _c42632
_d42632